| 000 | 00770cam a2200217 4500 | ||
|---|---|---|---|
| 008 | 000000n2001 000 0 eng u | ||
| 020 | _a0117023396 | ||
| 035 | _a(Sirsi) u110900 | ||
| 050 | _a692.8 | ||
| 110 |
_aProperty Advisers to the Civil Estate _93610 |
||
| 245 | _aGC/Works/11 (2000): minor works term contract, general conditions, model forms and commentary. | ||
| 260 |
_aLondon _bStationery Office _c2001 |
||
| 300 | _aiv, 74p. ; 30cm. | ||
| 350 | _a30.00 | ||
| 650 | _aBUILT ENVIRONMENT-BUILDING CONTRACT FORMS-STANDARD FORMS OF BUILDING CONTRACT-GC/WORKS CONTRACTS | ||
| 650 | _aPACE | ||
| 650 | _aMINOR BUILDING WORKS | ||
| 650 | _aBUILT ENVIRONMENT-BUILDING CONTRACT FORMS | ||
| 690 | _aBUILT ENVIRONMENT-BUILDING CONTRACT FORMS | ||
| 942 | _n0 | ||
| 999 |
_c101158 _d101158 |
||